[Event "Lagos op 2nd"]
[Site "Lagos"]
[Date "2024.10.27"]
[Round "2"]
[White "Paulino, Jose Manuel Goncalv"]
[Black "Povshednyi, Ivan"]
[Result "0-1"]
[WhiteElo "1927"]
[BlackElo "2351"]
[PlyCount "114"]
[EventDate "2024.10.26"]
[EventType "swiss"]
[EventRounds "9"]
[EventCountry "POR"]
[SourceTitle "CB45_2024"]
[Source "ChessBase"]
[SourceDate "2024.11.06"]
[SourceVersion "1"]
[SourceVersionDate "2024.11.06"]
[SourceQuality "1"]

1. d4 Nf6 2. Nf3 e6 3. g3 b5 4. Bg2 Bb7 5. 0-0 c5 6. a4 b4 7. a5 Na6 8. Nbd2 cxd4 9. Nb3 Be7 10. Qxd4 0-0 11. Be3 Nd5 12. Qd3 Nxe3 13. Qxe3 Bf6 14. Nfd4 Bxg2 15. Kxg2 Qc7 16. Qd3 Nc5 17. Nxc5 Qxc5 18. Rfd1 Rfc8 19. Kf1 d5 20. Rd2 Rab8 21. e3 h6 22. Qb3 Rb7 23. Ra4 a6 24. Qd3 Qd6 25. Kg2 Rbc7 26. b3 Rc3 27. Qe2 Bxd4 28. exd4 R8c6 29. Ra2 Qc7 30. Kf1 g6 31. h4 h5 32. Kg2 Qc8 33. Kh2 Qb8 34. Kg2 Qb7 35. Kh2 Rc8 36. Kg1 Qc6 37. Kh2 Rb8 38. Kg1 Rb5 39. Ra4 Qc7 40. Kg2 Qd6 41. Ra2 Rc7 42. Rd3 Rcb7 43. Ra4 Qc7 44. Qd2 Qe7 45. Qg5 Qxg5 46. hxg5 Rc7 47. Ra2 Rb8 48. Rd2 Kf8 49. Kh3 Ke7 50. f4 Kd6 51. g4 Rh8 52. Rd3 hxg4+ 53. Kxg4 Kc6 54. Rg3 Kb5 55. Rd3 Rh1 56. Kg3 Rc8 57. Rf3 Rd1 0-1

[Event "Famalicao op 9th"]
[Site "Vila Nova de Famalicao"]
[Date "2022.07.27"]
[Round "6"]
[White "Marques, Joao Goncalo BA"]
[Black "Paulino, Jose Manuel Goncalv"]
[Result "0-1"]
[WhiteElo "1474"]
[BlackElo "2032"]
[PlyCount "108"]
[EventDate "2022.07.25"]
[EventType "swiss"]
[EventRounds "9"]
[EventCountry "POR"]
[SourceTitle "CBM 209 Extra"]
[Source "ChessBase"]
[SourceDate "2022.09.30"]
[SourceVersion "1"]
[SourceVersionDate "2022.09.30"]
[SourceQuality "1"]

1. e4 d5 2. exd5 Nf6 3. Nf3 Nxd5 4. d4 Bg4 5. Be2 e6 6. 0-0 Be7 7. Nbd2 Nf4 8. Bb5+ c6 9. Ba4 Qa5 10. c3 Qh5 11. g3 Nh3+ 12. Kg2 Ng5 13. h4 Bh3+ 14. Kg1 Nxf3+ 15. Nxf3 Bxf1 16. Kxf1 Nd7 17. Qd3 Nb6 18. Bd1 Qb5 19. Qxb5 cxb5 20. Be2 a6 21. Ne5 Rc8 22. Bd2 f6 23. Nd3 Nc4 24. Bf4 Bd6 25. Bxd6 Nxd6 26. Nc5 Kf7 27. Bf3 Rc7 28. a4 bxa4 29. Rxa4 Re8 30. Ke2 g6 31. Kd2 f5 32. Nd3 Kf6 33. Ne5 Nf7 34. Nd3 e5 35. Nb4 Kg7 36. Nd5 Rd7 37. Nb6 Rdd8 38. Bxb7 Rb8 39. Bc6 Re6 40. Nd7 Rxb2+ 41. Kc1 Rxf2 42. d5 Re7 43. Rxa6 e4 44. Nc5 e3 45. Ne6+ Kh6 46. Bb5 Rb7 47. Nd4 Rxb5 48. Nxb5 Rf1+ 49. Kc2 e2 50. Re6 e1Q 51. Rxe1 Rxe1 52. d6 Kg7 53. c4 Kf6 54. Nd4 Nxd6 0-1

[Event "Lisbon Honra"]
[Site "Lisbon"]
[Date "2010.06.26"]
[Round "8"]
[White "Ramos, Miguel"]
[Black "Paulino, Jose Manuel Goncalv"]
[Result "1/2-1/2"]
[WhiteElo "1927"]
[BlackElo "2034"]
[PlyCount "112"]
[EventDate "2010.06.19"]
[EventType "tourn"]
[EventRounds "9"]
[EventCountry "POR"]
[SourceTitle "EXT 2013"]
[Source "ChessBase"]
[SourceDate "2012.11.22"]
[SourceVersion "1"]
[SourceVersionDate "2012.11.22"]
[SourceQuality "1"]

1. e4 c5 2. Nf3 d6 3. d4 cxd4 4. Nxd4 Nf6 5. Nc3 g6 6. f3 Bg7 7. Be3 0-0 8. Qd2 Bd7 9. 0-0-0 Nc6 10. g4 Rc8 11. h4 h5 12. g5 Ne8 13. Nxc6 bxc6 14. Bd4 Bxd4 15. Qxd4 Qb6 16. Qxb6 axb6 17. Bh3 Bxh3 18. Rxh3 f6 19. gxf6 exf6 20. Rg3 Kf7 21. Rdg1 Rg8 22. Ne2 Ra8 23. a3 Ra5 24. Nf4 g5 25. hxg5 Rgxg5 26. Rxg5 fxg5 27. Nxh5 Nc7 28. Ng3 Kf6 29. Rh1 Ke5 30. Ne2 Ne6 31. Rh5 b5 32. Kd2 Ra4 33. Ke3 Kf6 34. Rh6+ Ke5 35. Rh8 b4 36. axb4 Rxb4 37. b3 Rb6 38. Re8 Kf6 39. Nd4 Nf4 40. Nf5 c5 41. Rf8+ Ke5 42. Ng3 Ke6 43. Ne2 Ke7 44. Rf5 Ne6 45. f4 gxf4+ 46. Nxf4 Nxf4 47. Rxf4 Ke6 48. Rh4 Rb4 49. Rh5 c4 50. bxc4 Rxc4 51. Kd3 Ra4 52. c4 Ra1 53. c5 dxc5 54. Rxc5 Ra3+ 55. Kd4 Ra4+ 56. Ke3 Ra1 1/2-1/2

[Event "Lisbon Honra"]
[Site "Lisbon"]
[Date "2010.06.23"]
[Round "5"]
[White "Paulino, Jose Manuel Goncalv"]
[Black "Marques, Rui Filipe Pereira"]
[Result "1-0"]
[WhiteElo "2034"]
[BlackElo "2158"]
[PlyCount "83"]
[EventDate "2010.06.19"]
[EventType "tourn"]
[EventRounds "9"]
[EventCountry "POR"]
[SourceTitle "EXT 2013"]
[Source "ChessBase"]
[SourceDate "2012.11.22"]
[SourceVersion "1"]
[SourceVersionDate "2012.11.22"]
[SourceQuality "1"]

1. d4 d5 2. Nc3 Nf6 3. Bg5 c6 4. Nf3 Bf5 5. Nh4 Bc8 6. Qd3 h6 7. Bxf6 exf6 8. g3 Bb4 9. Bg2 0-0 10. 0-0 Na6 11. e4 dxe4 12. Bxe4 Re8 13. Rfe1 Be6 14. Re3 Qa5 15. Nb1 Bf8 16. c3 Red8 17. b4 Nxb4 18. cxb4 Qxb4 19. Nf3 f5 20. Bxf5 Bxf5 21. Qxf5 Qb2 22. Ne5 Qxa1 23. Nxf7 Qxd4 24. Nxd8 Rxd8 25. Qe6+ Kh8 26. Nc3 Bc5 27. Rf3 Bb4 28. Ne2 Qd7 29. Qe4 Qe7 30. Qg4 Kg8 31. Qc4+ Kh7 32. Rf7 Qc5 33. Qe4+ Kg8 34. Rxb7 Be1 35. Qe6+ Kh8 36. Qf7 Qf8 37. Qxf8+ Rxf8 38. Nf4 Rf5 39. Kf1 Bc3 40. Rxa7 g5 41. Ng6+ Kg8 42. Ne7+ 1-0

[Event "POR-chT 50th"]
[Site "Evora"]
[Date "2008.08.01"]
[Round "7"]
[White "Paulino, Jose Manuel Goncalv"]
[Black "Ftacnik, Lubomir"]
[Result "0-1"]
[WhiteElo "2089"]
[BlackElo "2544"]
[PlyCount "100"]
[EventDate "2008.07.26"]
[EventType "tourn"]
[EventRounds "9"]
[EventCountry "POR"]
[SourceTitle "EXT 2009"]
[Source "ChessBase"]
[SourceDate "2008.11.26"]
[SourceVersion "1"]
[SourceVersionDate "2008.11.26"]
[SourceQuality "1"]

1. e4 c5 2. Nf3 d6 3. d4 cxd4 4. Nxd4 Nf6 5. Nc3 a6 6. Bg5 e6 7. f4 Be7 8. Qf3 Qc7 9. 0-0-0 Nbd7 10. g4 b5 11. Bg2 Bb7 12. Bxf6 Nxf6 13. g5 Nd7 14. Rhe1 Nb6 15. Qh5 g6 16. Qg4 b4 17. Nce2 Rc8 18. c3 Na4 19. Rd2 bxc3 20. Rc2 cxb2+ 21. Kb1 Qa5 22. Rxc8+ Bxc8 23. Qg3 Bb7 24. Rd1 0-0 25. Nb3 Qb5 26. Nc3 Qc4 27. Nxa4 Bxe4+ 28. Bxe4 Qxe4+ 29. Kxb2 Qxa4 30. Rd4 Qc6 31. h4 Rc8 32. Rd2 Bf8 33. Qg2 Qc3+ 34. Kb1 d5 35. Rc2 Qd3 36. Qe2 Qxe2 37. Rxe2 Rc4 38. Rc2 Rxc2 39. Kxc2 Bd6 40. Kd3 Bxf4 41. Nc5 a5 42. Nb3 Bc7 43. Kd4 Bb6+ 44. Ke5 a4 45. Nd2 Be3 46. Nf3 Kf8 47. Kd6 d4 48. Ne1 Bf2 49. Nd3 Bxh4 50. Kc5 Bxg5 0-1

[Event "POR SupercupT"]
[Site "Evora"]
[Date "2007.11.17"]
[Round "1.1"]
[White "Dias, Paulo Jorge Guimara"]
[Black "Paulino, Jose Manuel Goncalv"]
[Result "1-0"]
[WhiteElo "2442"]
[BlackElo "2065"]
[PlyCount "93"]
[EventDate "2007.11.17"]
[EventType "team-match"]
[EventRounds "1"]
[EventCountry "POR"]
[SourceTitle "EXT 2018"]
[Source "ChessBase"]
[SourceDate "2017.10.13"]
[SourceVersion "1"]
[SourceVersionDate "2017.10.13"]
[SourceQuality "1"]
[WhiteTeam "Diana"]
[BlackTeam "Benfica"]
[WhiteTeamCountry "POR"]
[BlackTeamCountry "POR"]

1. d4 Nf6 2. Nf3 g6 3. c4 Bg7 4. g3 c6 5. Bg2 d5 6. b3 0-0 7. 0-0 c5 8. cxd5 Nxd5 9. Bb2 Nc6 10. Qd2 Ndb4 11. a3 Na6 12. Rd1 cxd4 13. b4 Nc7 14. Nxd4 Nxd4 15. Bxd4 Bxd4 16. Qxd4 Qxd4 17. Rxd4 e5 18. Rc4 Ne6 19. Nc3 Rb8 20. Nd5 Kg7 21. e3 b5 22. Rc3 Bb7 23. Nc7 Nxc7 24. Rxc7 Bxg2 25. Kxg2 a6 26. Rd1 Rfd8 27. Rxd8 Rxd8 28. Rc6 Ra8 29. Rb6 e4 30. g4 Kh6 31. Kg3 Kg7 32. Kf4 f5 33. Rb7+ Kf6 34. g5+ Ke6 35. Rxh7 a5 36. Rg7 axb4 37. axb4 Ra2 38. Rxg6+ Kd5 39. Kg3 Rb2 40. Rf6 Ke5 41. Rb6 Rxb4 42. g6 Rb1 43. Kg2 Rd1 44. h4 b4 45. h5 Rd8 46. h6 Rg8 47. h7 1-0

[Event "EU-ch Union SCIPT 15th"]
[Site "Porto"]
[Date "2007.09.10"]
[Round "1"]
[White "Paulino, Jose Manuel Goncalv"]
[Black "Schwartz, Arie"]
[Result "0-1"]
[WhiteElo "2065"]
[BlackElo "2256"]
[PlyCount "72"]
[EventDate "2007.09.10"]
[EventType "team-swiss"]
[EventRounds "9"]
[EventCountry "POR"]
[SourceTitle "EXT 2016"]
[Source "ChessBase"]
[SourceDate "2015.10.08"]
[SourceVersion "1"]
[SourceVersionDate "2015.10.08"]
[SourceQuality "1"]

1. e4 c5 2. Nf3 Nc6 3. d4 cxd4 4. Nxd4 Nf6 5. Nc3 d6 6. Bg5 e6 7. Be2 Be7 8. Qd2 0-0 9. 0-0-0 a6 10. f4 Qc7 11. Kb1 Re8 12. Bf3 Na5 13. Nb3 Nc4 14. Qe2 Rb8 15. Rhe1 b5 16. e5 dxe5 17. fxe5 Nd7 18. Bf4 Bb4 19. Rd3 Ndb6 20. Be4 g6 21. Rf1 Nxb2 22. Rh3 N2a4 23. Nxa4 Nxa4 24. Qf2 Nc3+ 25. Rxc3 Bxc3 26. h4 Rf8 27. Qg3 Bb7 28. Bd3 Rbd8 29. Qg5 Rxd3 30. cxd3 Qd8 31. Qg3 Qd5 32. Rf3 a5 33. Qg5 a4 34. Nc1 Qc5 35. Qf6 Bxf3 36. gxf3 Ra8 0-1

[Event "POR-chT 49th"]
[Site "Evora"]
[Date "2007.08.01"]
[Round "5"]
[White "Paulino, Jose Manuel Goncalv"]
[Black "Santos, Luis M"]
[Result "0-1"]
[WhiteElo "2044"]
[BlackElo "2382"]
[PlyCount "168"]
[EventDate "2007.07.28"]
[EventType "team-tourn"]
[EventRounds "9"]
[EventCountry "POR"]
[SourceTitle "CBM 119 Extra"]
[Source "ChessBase"]
[SourceDate "2007.09.04"]
[SourceVersion "1"]
[SourceVersionDate "2007.09.04"]
[SourceQuality "1"]

1. e4 c5 2. Nf3 Nc6 3. d4 cxd4 4. Nxd4 Nf6 5. Nc3 d6 6. Bg5 e6 7. f3 a6 8. Qd2 Be7 9. 0-0-0 Bd7 10. h4 Qc7 11. Kb1 Nxd4 12. Qxd4 0-0-0 13. Qa7 Qc5 14. Qxc5+ dxc5 15. e5 Ng8 16. Bxe7 Nxe7 17. Ne4 Bc6 18. Nd6+ Kc7 19. Bd3 Rdf8 20. Be4 Bxe4 21. Nxe4 Ng6 22. Nxc5 Nxe5 23. f4 Ng6 24. Rd7+ Kc6 25. b4 Nxf4 26. c4 Rd8 27. Rxf7 e5 28. Re1 Rhe8 29. Nxb7 Rb8 30. Na5+ Kd6 31. c5+ Kd5 32. a3 Nxg2 33. Rg1 Nf4 34. Rgxg7 h5 35. c6 Ne6 36. Rd7+ Ke4 37. Rge7 Rbc8 38. a4 Rxe7 39. Rxe7 Nd4 40. c7 Kd5 41. Rh7 Ne6 42. b5 axb5 43. axb5 Rxc7 44. Rxh5 Rc5 45. Nb3 Rxb5 46. Kc2 Nf4 47. Rh8 Ke4 48. Rc8 Rb6 49. Nc5+ Kf3 50. Nd3 Nxd3 51. Kxd3 e4+ 52. Kc2 Rh6 53. Rc3+ Kf2 54. Rh3 e3 55. Rh2+ Kg3 56. Rh1 Kg2 57. Ra1 Rd6 58. Ra8 e2 59. Re8 Kf2 60. Rf8+ Ke1 61. Re8 Rd4 62. h5 Rd6 63. Re5 Rc6+ 64. Kb2 Kf2 65. Rf5+ Ke3 66. Re5+ Kd3 67. Re8 Rc5 68. h6 Rh5 69. Rd8+ Ke3 70. Re8+ Kf2 71. Rf8+ Ke1 72. Rf6 Rb5+ 73. Kc2 Rc5+ 74. Kb2 Rc7 75. Rg6 Re7 76. Rg7 Re8 77. h7 Kf2 78. Rf7+ Ke3 79. h8Q Rxh8 80. Re7+ Kd2 81. Rd7+ Ke1 82. Kc2 Rc8+ 83. Kb2 Rc4 84. Rf7 Kd2 0-1

[Event "POR-chT 49th"]
[Site "Evora"]
[Date "2007.07.30"]
[Round "3"]
[White "Paulino, Jose Manuel Goncalv"]
[Black "Diogo, Vasco Andre Marcalo"]
[Result "1-0"]
[WhiteElo "2044"]
[BlackElo "2259"]
[PlyCount "87"]
[EventDate "2007.07.28"]
[EventType "team-tourn"]
[EventRounds "9"]
[EventCountry "POR"]
[SourceTitle "CBM 119 Extra"]
[Source "ChessBase"]
[SourceDate "2007.09.04"]
[SourceVersion "1"]
[SourceVersionDate "2007.09.04"]
[SourceQuality "1"]

1. e4 c5 2. Nf3 d6 3. d4 cxd4 4. Nxd4 Nf6 5. Nc3 a6 6. Be3 Ng4 7. Bg5 h6 8. Bh4 g5 9. Bg3 Bg7 10. Be2 Ne5 11. 0-0 Nbc6 12. Nxc6 bxc6 13. Rb1 Ng6 14. Bc4 e5 15. Qd2 Be6 16. Bb3 Bf6 17. Rfd1 Be7 18. Qe2 h5 19. Bxe6 fxe6 20. h3 Kf7 21. Rd3 Kg7 22. Rd2 Qb6 23. b3 Raf8 24. Na4 Qb7 25. Rbd1 Nf4 26. Bxf4 exf4 27. Rd3 e5 28. c4 Rf7 29. Qb2 c5 30. Nc3 Rh6 31. Nd5 Bf8 32. Qe2 Kh7 33. f3 Rg7 34. a3 Rhg6 35. R1d2 Qf7 36. Qf2 Kg8 37. b4 g4 38. fxg4 hxg4 39. hxg4 Rxg4 40. Qf1 Qg6 41. Rf3 Rg5 42. b5 axb5 43. cxb5 Qxe4 44. Nf6+ 1-0

[Event "POR-chT 49th"]
[Site "Evora"]
[Date "2007.07.29"]
[Round "2"]
[White "Costa, Paulo"]
[Black "Paulino, Jose Manuel Goncalv"]
[Result "1-0"]
[WhiteElo "2160"]
[BlackElo "2044"]
[PlyCount "73"]
[EventDate "2007.07.28"]
[EventType "team-tourn"]
[EventRounds "9"]
[EventCountry "POR"]
[SourceTitle "CBM 119 Extra"]
[Source "ChessBase"]
[SourceDate "2007.09.04"]
[SourceVersion "1"]
[SourceVersionDate "2007.09.04"]
[SourceQuality "1"]

1. d4 Nf6 2. Nf3 g6 3. c4 Bg7 4. Nc3 0-0 5. e4 d6 6. Be2 Nbd7 7. 0-0 e5 8. Be3 Ng4 9. Bg5 f6 10. Bd2 Nh6 11. d5 a5 12. Qc2 Nc5 13. Be3 b6 14. a3 Ng4 15. Bxc5 bxc5 16. h3 Nh6 17. b4 axb4 18. axb4 Rxa1 19. Rxa1 cxb4 20. Nb5 f5 21. Nd2 fxe4 22. Nxe4 Nf5 23. Rb1 Nd4 24. Nxd4 exd4 25. Rxb4 Qh4 26. Rb8 Be5 27. Bd3 Bf5 28. Rxf8+ Kxf8 29. Nd2 Qf4 30. g3 Bxd3 31. Qxd3 Qh6 32. Kg2 Bf6 33. Nf3 Kf7 34. g4 Be5 35. g5 Qg7 36. Qe4 Ke7 37. h4 1-0

[Event "POR-ch"]
[Site "Lisbon"]
[Date "2002.??.??"]
[Round "5"]
[White "Paulino, Jose Manuel Goncalv"]
[Black "Silva, Fernando"]
[Result "0-1"]
[WhiteElo "2029"]
[BlackElo "2316"]
[PlyCount "100"]
[EventDate "2002.??.??"]
[EventType "swiss"]
[EventRounds "9"]
[EventCountry "POR"]
[SourceTitle "EXT 2003"]
[Source "ChessBase"]
[SourceDate "2002.11.25"]
[SourceVersion "1"]
[SourceVersionDate "2002.11.25"]
[SourceQuality "1"]

1. e4 c5 2. Nf3 d6 3. d4 cxd4 4. Nxd4 Nf6 5. Nc3 Nc6 6. Bg5 Bd7 7. Qd2 Nxd4 8. Qxd4 Qa5 9. f4 Rc8 10. 0-0-0 Rxc3 11. bxc3 e5 12. Qb4 Qxb4 13. cxb4 Nxe4 14. Bh4 f5 15. fxe5 g5 16. Be1 dxe5 17. Rd5 Bg7 18. Bb5 Bxb5 19. Rxb5 b6 20. c4 Nd6 21. Rd5 Nxc4 22. Bc3 Ne3 23. Rxe5+ Bxe5 24. Bxe5 0-0 25. g3 Rc8+ 26. Kb1 Nc4 27. Bc3 Nd6 28. Be5 Nc4 29. Bc3 Kf7 30. Kc2 b5 31. Kb3 Nd6 32. Bd4 a6 33. a4 Rc4 34. Be5 Ne4 35. axb5 axb5 36. Ra1 Ke6 37. Bg7 Nd2+ 38. Kb2 Re4 39. Kc3 Nc4 40. Ra6+ Kd5 41. Ra8 Re3+ 42. Kc2 Re2+ 43. Kc3 Rxh2 44. Rb8 Nd6 45. Rd8 Kc6 46. Bf8 Ne4+ 47. Kb3 Rd2 48. Re8 Rd3+ 49. Kc2 Rxg3 50. Re6+ Kd5 0-1

[Event "Boavista Challenge-B"]
[Site "Porto"]
[Date "2000.01.05"]
[Round "9"]
[White "Paulino, Jose Manuel Goncalv"]
[Black "Fernando, Diogo"]
[Result "1-0"]
[WhiteElo "2129"]
[BlackElo "2221"]
[PlyCount "116"]
[EventDate "1999.12.27"]
[EventType "tourn"]
[EventRounds "9"]
[EventCountry "POR"]
[SourceTitle "EXT 2001"]
[Source "ChessBase"]
[SourceDate "2000.11.22"]
[SourceVersion "1"]
[SourceVersionDate "2000.11.22"]
[SourceQuality "1"]

1. Nf3 d6 2. d4 Bg4 3. Nbd2 Nf6 4. h3 Bh5 5. e3 Nbd7 6. g4 Bg6 7. Nh4 e5 8. Nxg6 hxg6 9. Bg2 c6 10. Qe2 Be7 11. b3 d5 12. dxe5 Nxe5 13. Bb2 Bd6 14. 0-0-0 0-0 15. e4 dxe4 16. Nxe4 Nxe4 17. Qxe4 f5 18. Rxd6 fxe4 19. Rxd8 Raxd8 20. Bxe5 Rxf2 21. Bxe4 Re2 22. Bc7 Re8 23. Bxg6 Re1+ 24. Rxe1 Rxe1+ 25. Kd2 Rh1 26. Bb8 a5 27. a4 Rxh3 28. Bc7 Kf8 29. Bxa5 Ke7 30. Bc3 Rg3 31. Bf5 g6 32. Bc8 b6 33. Be5 Rg2+ 34. Kd3 Kd8 35. Bb7 Kd7 36. Bd4 Kc7 37. Ba8 Rg3+ 38. Kd2 Rxg4 39. Be5+ Kd7 40. Bb7 Re4 41. Bg3 g5 42. Bf2 Kc7 43. Ba6 Re8 44. Be2 Kb7 45. Bf3 Re6 46. b4 g4 47. Bg2 g3 48. Be3 Kc7 49. Bf4+ Kd8 50. Bxg3 Rg6 51. Bh4+ Kc7 52. Bf3 Rg1 53. Be1 Rg5 54. Kd3 Rg1 55. Bd2 Rh1 56. Bf4+ Kd7 57. b5 c5 58. Bg4+ Kd8 1-0

[Event "Boavista Challenge-B"]
[Site "Porto"]
[Date "2000.01.02"]
[Round "6"]
[White "Camejo Almeida, Rui"]
[Black "Paulino, Jose Manuel Goncalv"]
[Result "1-0"]
[WhiteElo "2241"]
[BlackElo "2129"]
[PlyCount "52"]
[EventDate "1999.12.27"]
[EventType "tourn"]
[EventRounds "9"]
[EventCountry "POR"]
[SourceTitle "EXT 2001"]
[Source "ChessBase"]
[SourceDate "2000.11.22"]
[SourceVersion "1"]
[SourceVersionDate "2000.11.22"]
[SourceQuality "1"]

1. e4 g6 2. d3 Bg7 3. c3 d5 4. Nd2 e6 5. Ngf3 Ne7 6. g3 b6 7. h4 h6 8. Be2 Nd7 9. 0-0 Bb7 10. Re1 dxe4 11. dxe4 0-0 12. Qc2 Nc6 13. Nb3 Kh7 14. Bf4 e5 15. Bd2 Qe8 16. h5 Nf6 17. hxg6+ fxg6 18. Kg2 Ne7 19. Bd3 Ng4 20. Be3 Nxe3+ 21. Rxe3 g5 22. Rh1 Qg6 23. Ree1 Rad8 24. Qe2 Bc8 25. Qe3 Bg4 26. Nxg5+ Kh8 1-0